মাইন ক্যাম্ফ : (Record no. 2532)
[ view plain ]
| 000 -LEADER | |
|---|---|
| fixed length control field | 00852nam a2200253 4500 |
| 001 - CONTROL NUMBER | |
| JCCL Control Number | 2532 |
| 003 - CONTROL NUMBER IDENTIFIER | |
| JCCL marc code | BD-JhCC |
| 005 - DATE AND TIME OF LATEST TRANSACTION | |
| control field | 20210923134021.0 |
| 008 - FIXED-LENGTH DATA ELEMENTS--GENERAL INFORMATION | |
| fixed length control field | 171104s2010 bg |||| |||| 000 0 ben d |
| 020 ## - INTERNATIONAL STANDARD BOOK NUMBER | |
| International Standard Book Number | 9848261427 |
| 035 ## - SYSTEM CONTROL NUMBER | |
| system control number | (BD-JhCC)2532 |
| 040 ## - CATALOGING SOURCE | |
| Original cataloging agency | BD-JhCC |
| Modifying agency | BD-JhCC |
| 041 ## - LANGUAGE CODE | |
| Language code of Book | ben |
| 082 ## - DEWEY DECIMAL CLASSIFICATION NUMBER | |
| Classification number | 943.086092 |
| Author mark and Year | HIT 2010 |
| 100 ## - MAIN ENTRY--PERSONAL NAME | |
| Personal name | হিটলার, অ্যাডলফ |
| 245 ## - TITLE STATEMENT | |
| Title | মাইন ক্যাম্ফ : |
| Remainder of title | (আমার সংগ্রাম) / |
| Statement of responsibility, etc | অ্যাডলফ হিটলার, আক্কাস আলী [রুপা.] |
| 260 ## - PUBLICATION, DISTRIBUTION, ETC. (IMPRINT) | |
| Place of publication, distribution, etc | ঢাকা : |
| Name of publisher, distributor, etc | দি স্কাই পাবলিশার্স, |
| Date of publication, distribution, etc | 2010. |
| 300 ## - PHYSICAL DESCRIPTION | |
| Pagination | 254 p. : |
| Dimensions | 21 cm. |
| 650 ## - SUBJECT ADDED ENTRY--TOPICAL TERM | |
| Topical term or geographic name as entry element | Politics and Government |
| 650 ## - SUBJECT ADDED ENTRY--TOPICAL TERM | |
| Topical term or geographic name as entry element | Adolf Hitler |
| 700 ## - ADDED ENTRY--PERSONAL NAME | |
| Personal name | আলী, আক্কাস |
| 942 ## - ADDED ENTRY ELEMENTS (KOHA) | |
| Source of classification or shelving scheme | Dewey Decimal Classification |
| Koha item type | Books |
| Koha issues (borrowed), all copies | 2 |
| Source of classification or shelving scheme | Damaged status | Not for loan | Home library | Current library | Shelving location | Date of accession | Cost, normal purchase price | Total Checkouts | Full call number | Barcode | Date last seen | Date checked out | Copy number | Koha item type | Checked out | Method of acquisition | Currency | Source of acquisition |
|---|---|---|---|---|---|---|---|---|---|---|---|---|---|---|---|---|---|---|
| Dewey Decimal Classification | JCC Rouf Library | JCC Rouf Library | General Stacks | 11/04/2017 | 250.00 | 7 | 943.086092 HIT 2010 | 4188 | 06/25/2025 | 04/30/2025 | C-1 | Books | ||||||
| Dewey Decimal Classification | JCC Rouf Library | JCC Rouf Library | General Stacks | 04/03/2019 | 250.00 | 3 | 943.086092 HIT 2010 | 14674 | 08/26/2025 | 11/20/2024 | C-2 | Books | ||||||
| Dewey Decimal Classification | JCC Rouf Library | JCC Rouf Library | General Stacks | 425.00 | 8 | 943.086092 HIT 2020 | 19153 | 07/28/2025 | 07/28/2025 | C-3 | Books | 08/21/2025 | Purchase | BDT | ||||
| Dewey Decimal Classification | JCC Rouf Library | JCC Rouf Library | General Stacks | 425.00 | 8 | 943.086092 HIT 2023 | 19781 | 01/28/2026 | 01/27/2026 | C-4 | Books | Gift/Donation | BDT | With the compliments of Maj (Retd) Syed Sakhawat Hussain,07/0388/K |